00881nam a2200265 i 4500001000400000245011600004260004300120300002600163490002600189650002000215650001800235650001300253700002500266700003900291830002300330020001500353040000800368041000800376920001800384942000700402008004100409999001700450856009800467952005000565bgj00aLiterturkritik - Medienkritik /cMit Beiträgen von Wolfgang Gast... [et al.], Herausgegeben von Jörg Drews. aHeidelberg :bQuelle und Meyer,c1977. aXIV, 116 S. ;c21 cm.1 aMedium Literatur ;v8 9aLiteraturkritik 9aFernsehkritik 9aRundfunk1 aDREW, Jörg.eHrsg.1 aGAST, Wolfgangd(1940- ).eMitarb. aMedium Literatur ; a3494008930 cBPK0 ager a3-494-00893-0 cKS s gw f |000 0 ger  c50354d50354 uhttp://koha.tu.koszalin.pl/cgi-bin/koha/opac-detail.pl?biblionumber=50354yKatalog online BPK 00104070aBPKbBPKckwoN 253p01580709yKS